[Event "DEM U18 2022"]
[Site "Willingen GER"]
[Date "2022.06.06"]
[Round "3"]
[White "Kölle, Tobias"]
[Black "Dobrikov, Marco"]
[Result "1/2-1/2"]
[Termination "normal"]
[Board "3"]
[WhiteTitle "FM"]
[BlackTitle "FM"]
[WhiteElo "2443"]
[BlackElo "2234"]
[WhiteClock "00:07:37"]
[BlackClock "00:11:25"]
[PlyCount "156"]
[WhiteFideId "16207378"]
[BlackFideId "12950378"]
[EventCountry "GER"]
[EventRounds "9"]
[EventType "swiss"]
[EventDate "2022.06.04"]

1. d4 {[%clk 1:30:56]} Nf6 {[%clk 1:30:50]} 2. c4 {[%clk 1:31:22]} g6 {[%clk
1:31:12]} 3. Nc3 {[%clk 1:31:47]} Bg7 {[%clk 1:31:09]} 4. e4 {[%clk 1:32:09]}
d6 {[%clk 1:31:34]} 5. h3 {[%clk 1:32:13]} O-O {[%clk 1:31:45]} 6. Be3 {[%clk
1:32:39]} Nc6 {[%clk 1:30:59]} 7. d5 {[%clk 1:32:54]} Ne5 {[%clk 1:31:25]} 8.
f4 {[%clk 1:33:21]} Ned7 {[%clk 1:31:52]} 9. g4 {[%clk 1:33:29]} c6 {[%clk
1:30:57]} 10. Nf3 {[%clk 1:33:54]} cxd5 {[%clk 1:31:17]} 11. cxd5 {[%clk
1:34:22]} b6 {[%clk 1:31:23]} 12. Qc2 {[%clk 1:21:01]} Bb7 {[%clk 1:28:00]} 13.
Bg2 {[%clk 1:07:17]} Rc8 {[%clk 1:27:23]} 14. Nd4 {[%clk 1:06:17]} Nc5 {[%clk
1:25:02]} 15. Nc6 {[%clk 1:03:40]} Bxc6 {[%clk 1:23:01]} 16. dxc6 {[%clk
1:04:08]} Ne8 {[%clk 1:21:01]} 17. O-O {[%clk 0:59:57]} Rxc6 {[%clk 1:17:56]}
18. e5 {[%clk 0:59:45]} Rc8 {[%clk 1:17:53]} 19. Rad1 {[%clk 0:59:50]} e6
{[%clk 1:13:43]} 20. Qd2 {[%clk 0:50:52]} d5 {[%clk 1:12:24]} 21. g5 {[%clk
0:44:49]} Nc7 {[%clk 1:11:07]} 22. h4 {[%clk 0:40:26]} Qe7 {[%clk 1:09:38]} 23.
b4 {[%clk 0:38:05]} Nd7 {[%clk 1:08:34]} 24. Ne2 {[%clk 0:34:15]} Nb5 {[%clk
0:59:09]} 25. Qb2 {[%clk 0:26:57]} Rc4 {[%clk 0:59:19]} 26. a3 {[%clk 0:22:57]}
Rfc8 {[%clk 0:55:18]} 27. Rd2 {[%clk 0:22:16]} a5 {[%clk 0:51:00]} 28. bxa5
{[%clk 0:20:51]} Qxa3 {[%clk 0:50:48]} 29. Qxa3 {[%clk 0:20:04]} Nxa3 {[%clk
0:51:16]} 30. axb6 {[%clk 0:20:05]} Rb4 {[%clk 0:51:38]} 31. Ra2 {[%clk
0:16:03]} Nc4 {[%clk 0:51:40]} 32. Bf2 {[%clk 0:13:38]} Bf8 {[%clk 0:47:13]}
33. Rc1 {[%clk 0:10:15]} Nc5 {[%clk 0:46:36]} 34. Rd1 {[%clk 0:07:22]} Rxb6
{[%clk 0:45:27]} 35. h5 {[%clk 0:05:56]} Rb2 {[%clk 0:44:59]} 36. Rxb2 {[%clk
0:05:23]} Nxb2 {[%clk 0:45:26]} 37. Rb1 {[%clk 0:05:07]} Nc4 {[%clk 0:43:13]}
38. h6 {[%clk 0:05:14]} Be7 {[%clk 0:42:56]} 39. Ra1 {[%clk 0:04:47]} Nd3
{[%clk 0:40:19]} 40. Bd4 {[%clk 0:04:22]} Ndxe5 {[%clk 0:36:45]} 41. fxe5
{[%clk 0:03:21]} Bxg5 {[%clk 0:37:13]} 42. Kf2 {[%clk 0:29:16]} Bxh6 {[%clk
1:07:37]} 43. Ng1 {[%clk 0:29:13]} Bf4 {[%clk 1:06:37]} 44. Nf3 {[%clk
0:28:32]} g5 {[%clk 1:00:35]} 45. Bh3 {[%clk 0:27:59]} Nb2 {[%clk 0:59:08]} 46.
Ne1 {[%clk 0:27:01]} Rb8 {[%clk 0:56:47]} 47. Ra2 {[%clk 0:21:02]} Rb3 {[%clk
0:54:54]} 48. Bg4 {[%clk 0:09:25]} Nd3+ {[%clk 0:48:37]} 49. Nxd3 {[%clk
0:09:50]} Rxd3 {[%clk 0:49:05]} 50. Ra4 {[%clk 0:09:21]} Kg7 {[%clk 0:47:43]}
51. Bh5 {[%clk 0:09:09]} Rh3 {[%clk 0:47:59]} 52. Be2 {[%clk 0:06:35]} h5
{[%clk 0:46:27]} 53. Ra7 {[%clk 0:06:13]} g4 {[%clk 0:46:39]} 54. Bb5 {[%clk
0:06:04]} Rf3+ {[%clk 0:46:59]} 55. Ke2 {[%clk 0:06:19]} h4 {[%clk 0:45:46]}
56. Bd7 {[%clk 0:06:31]} Kg6 {[%clk 0:43:55]} 57. Ra8 {[%clk 0:05:30]} Kf5
{[%clk 0:42:09]} 58. Rg8 {[%clk 0:05:03]} Ra3 {[%clk 0:35:34]} 59. Bb5 {[%clk
0:05:18]} Ra2+ {[%clk 0:35:24]} 60. Kf1 {[%clk 0:05:36]} Ke4 {[%clk 0:28:47]}
61. Rxg4 {[%clk 0:05:52]} h3 {[%clk 0:29:13]} 62. Be2 {[%clk 0:04:23]} h2
{[%clk 0:29:29]} 63. Rh4 {[%clk 0:04:53]} Kxd4 {[%clk 0:15:12]} 64. Rxf4+
{[%clk 0:05:22]} Kxe5 {[%clk 0:15:31]} 65. Rh4 {[%clk 0:05:48]} h1=Q+ {[%clk
0:15:56]} 66. Rxh1 {[%clk 0:06:15]} Ra1+ {[%clk 0:16:22]} 67. Kg2 {[%clk
0:06:41]} Rxh1 {[%clk 0:16:49]} 68. Kxh1 {[%clk 0:07:09]} Ke4 {[%clk 0:16:45]}
69. Kg2 {[%clk 0:07:33]} f5 {[%clk 0:17:12]} 70. Kf2 {[%clk 0:07:54]} e5 {[%clk
0:17:30]} 71. Bb5 {[%clk 0:07:41]} d4 {[%clk 0:17:44]} 72. Ke2 {[%clk 0:07:53]}
Kf4 {[%clk 0:17:20]} 73. Kd3 {[%clk 0:08:01]} Kf3 {[%clk 0:15:19]} 74. Bc6+
{[%clk 0:07:41]} Kf2 {[%clk 0:14:59]} 75. Bb5 {[%clk 0:06:59]} f4 {[%clk
0:14:16]} 76. Ke4 {[%clk 0:07:16]} f3 {[%clk 0:14:36]} 77. Ba6 {[%clk 0:07:17]}
Kg2 {[%clk 0:12:47]} 78. Kxe5 {[%clk 0:07:37]} f2 {[%clk 0:11:25]} 1/2-1/2

[Event "DEM U18 2022"]
[Site "Willingen GER"]
[Date "2022.06.06"]
[Round "3"]
[White "Colbow, Collin"]
[Black "Weihrauch, Jakob"]
[Result "0-1"]
[Termination "normal"]
[Board "4"]
[WhiteTitle "FM"]
[WhiteElo "2345"]
[BlackElo "2151"]
[WhiteClock "00:29:16"]
[BlackClock "00:32:32"]
[PlyCount "86"]
[WhiteFideId "16201132"]
[BlackFideId "16210115"]
[EventCountry "GER"]
[EventRounds "9"]
[EventType "swiss"]
[EventDate "2022.06.04"]

1. e4 {[%clk 1:30:55]} c5 {[%clk 1:30:48]} 2. Nf3 {[%clk 1:31:13]} d6 {[%clk
1:31:13]} 3. d4 {[%clk 1:31:39]} cxd4 {[%clk 1:31:38]} 4. Nxd4 {[%clk 1:32:05]}
Nf6 {[%clk 1:32:01]} 5. Nc3 {[%clk 1:32:31]} a6 {[%clk 1:32:27]} 6. g3 {[%clk
1:32:56]} e5 {[%clk 1:32:53]} 7. Nde2 {[%clk 1:33:22]} b5 {[%clk 1:32:24]} 8.
Nd5 {[%clk 1:33:46]} Nxd5 {[%clk 1:32:12]} 9. Qxd5 {[%clk 1:34:09]} Ra7 {[%clk
1:32:38]} 10. Be3 {[%clk 1:34:00]} Rb7 {[%clk 1:32:19]} 11. Bg2 {[%clk
1:26:25]} Nd7 {[%clk 1:27:13]} 12. O-O {[%clk 1:13:34]} Be7 {[%clk 1:21:40]}
13. Qd2 {[%clk 1:08:43]} Nb6 {[%clk 1:14:20]} 14. b3 {[%clk 1:06:30]} O-O
{[%clk 1:09:39]} 15. Rfc1 {[%clk 1:01:20]} Be6 {[%clk 0:55:13]} 16. Qa5 {[%clk
0:53:58]} Qc7 {[%clk 0:50:09]} 17. Nc3 {[%clk 0:27:38]} Ra8 {[%clk 0:25:52]}
18. a4 {[%clk 0:15:06]} b4 {[%clk 0:23:40]} 19. Na2 {[%clk 0:13:54]} Nd5 {[%clk
0:23:07]} 20. Qxc7 {[%clk 0:14:12]} Nxc7 {[%clk 0:23:28]} 21. a5 {[%clk
0:04:48]} d5 {[%clk 0:15:03]} 22. exd5 {[%clk 0:04:41]} Bxd5 {[%clk 0:15:27]}
23. Rd1 {[%clk 0:01:02]} Bxg2 {[%clk 0:13:42]} 24. Kxg2 {[%clk 0:01:31]} Nb5
{[%clk 0:13:57]} 25. Nc1 {[%clk 0:00:55]} Rc8 {[%clk 0:14:08]} 26. Nd3 {[%clk
0:01:08]} e4 {[%clk 0:09:44]} 27. Ne1 {[%clk 0:00:42]} Bf6 {[%clk 0:10:01]} 28.
Rac1 {[%clk 0:00:31]} Bb2 {[%clk 0:09:51]} 29. c4 {[%clk 0:00:34]} bxc3 {[%clk
0:07:38]} 30. Rc2 {[%clk 0:00:59]} Na3 {[%clk 0:07:12]} 31. Re2 {[%clk
0:01:27]} Rxb3 {[%clk 0:06:55]} 32. Nc2 {[%clk 0:01:36]} h6 {[%clk 0:05:47]}
33. Rd6 {[%clk 0:01:34]} Nxc2 {[%clk 0:05:19]} 34. Rxc2 {[%clk 0:01:59]} Ba3
{[%clk 0:05:18]} 35. Rxa6 {[%clk 0:00:49]} Rb2 {[%clk 0:02:13]} 36. Rxc3 {[%clk
0:00:48]} Rxc3 {[%clk 0:02:27]} 37. Ra8+ {[%clk 0:01:15]} Kh7 {[%clk 0:02:17]}
38. a6 {[%clk 0:01:45]} Rxe3 {[%clk 0:01:19]} 39. a7 {[%clk 0:01:56]} Ree2
{[%clk 0:01:31]} 40. Re8 {[%clk 0:00:33]} Rxf2+ {[%clk 0:01:56]} 41. Kh3 {[%clk
0:30:13]} f5 {[%clk 0:31:44]} 42. g4 {[%clk 0:28:50]} Rf3+ {[%clk 0:32:06]} 43.
Kh4 {[%clk 0:29:16]} Rxh2# {[%clk 0:32:32]} 0-1

[Event "DEM U18 2022"]
[Site "Willingen GER"]
[Date "2022.06.06"]
[Round "3"]
[White "Weidemann, Jakob"]
[Black "Dahl, Christoph"]
[Result "0-1"]
[Termination "normal"]
[Board "6"]
[BlackTitle "FM"]
[WhiteElo "2047"]
[BlackElo "2351"]
[WhiteClock "00:01:16"]
[BlackClock "00:13:25"]
[PlyCount "90"]
[WhiteFideId "16255470"]
[BlackFideId "16240235"]
[EventCountry "GER"]
[EventRounds "9"]
[EventType "swiss"]
[EventDate "2022.06.04"]

1. e4 {[%clk 1:30:55]} c5 {[%clk 1:30:42]} 2. Nf3 {[%clk 1:31:16]} d6 {[%clk
1:30:43]} 3. d4 {[%clk 1:31:35]} cxd4 {[%clk 1:30:49]} 4. Nxd4 {[%clk 1:31:53]}
Nf6 {[%clk 1:30:50]} 5. Nc3 {[%clk 1:32:12]} a6 {[%clk 1:30:46]} 6. Bg5 {[%clk
1:32:29]} Nbd7 {[%clk 1:30:31]} 7. f4 {[%clk 1:32:42]} Qc7 {[%clk 1:30:24]} 8.
Qf3 {[%clk 1:32:39]} b5 {[%clk 1:30:01]} 9. O-O-O {[%clk 1:32:52]} Bb7 {[%clk
1:29:18]} 10. Bd3 {[%clk 1:32:35]} g6 {[%clk 1:28:18]} 11. Rhe1 {[%clk
1:24:58]} Bg7 {[%clk 1:26:33]} 12. Qg3 {[%clk 1:06:44]} O-O {[%clk 1:20:22]}
13. f5 {[%clk 0:46:35]} Rfc8 {[%clk 1:06:10]} 14. a3 {[%clk 0:37:30]} Nc5
{[%clk 0:52:28]} 15. Kb1 {[%clk 0:33:28]} Qb6 {[%clk 0:50:52]} 16. Qf2 {[%clk
0:22:50]} Nxd3 {[%clk 0:41:06]} 17. Rxd3 {[%clk 0:21:15]} Rc4 {[%clk 0:37:46]}
18. Qd2 {[%clk 0:15:21]} Rac8 {[%clk 0:34:29]} 19. Bxf6 {[%clk 0:08:55]} Bxf6
{[%clk 0:34:44]} 20. Rd1 {[%clk 0:08:42]} b4 {[%clk 0:26:13]} 21. Na4 {[%clk
0:06:21]} Qc7 {[%clk 0:24:01]} 22. Qe2 {[%clk 0:04:41]} Bxd4 {[%clk 0:22:43]}
23. Rxd4 {[%clk 0:05:02]} Rxc2 {[%clk 0:23:03]} 24. R1d2 {[%clk 0:04:12]} Rc1+
{[%clk 0:22:34]} 25. Ka2 {[%clk 0:04:30]} bxa3 {[%clk 0:22:55]} 26. bxa3 {[%clk
0:04:02]} Bc6 {[%clk 0:21:17]} 27. Nb2 {[%clk 0:03:49]} Bb5 {[%clk 0:20:45]}
28. Qe3 {[%clk 0:03:30]} Qb6 {[%clk 0:16:48]} 29. Qb3 {[%clk 0:03:02]} R8c3
{[%clk 0:15:47]} 30. Na4 {[%clk 0:02:33]} Rxb3 {[%clk 0:15:24]} 31. Nxb6 {[%clk
0:02:53]} Rcc3 {[%clk 0:14:32]} 32. a4 {[%clk 0:02:44]} Bd3 {[%clk 0:14:32]}
33. Nc4 {[%clk 0:01:57]} Bxc4 {[%clk 0:13:11]} 34. Rxc4 {[%clk 0:02:18]} Rxc4
{[%clk 0:13:33]} 35. Kxb3 {[%clk 0:02:41]} Rxe4 {[%clk 0:13:55]} 36. f6 {[%clk
0:02:55]} Kf8 {[%clk 0:13:30]} 37. Rc2 {[%clk 0:02:59]} exf6 {[%clk 0:13:05]}
38. Rc6 {[%clk 0:03:02]} a5 {[%clk 0:12:27]} 39. Rxd6 {[%clk 0:02:39]} Kg7
{[%clk 0:12:10]} 40. Rd5 {[%clk 0:02:47]} Re5 {[%clk 0:12:33]} 41. Rd2 {[%clk
0:03:08]} f5 {[%clk 0:12:37]} 42. Rf2 {[%clk 0:01:51]} g5 {[%clk 0:12:49]} 43.
Kc4 {[%clk 0:02:04]} Kg6 {[%clk 0:12:56]} 44. Rd2 {[%clk 0:01:12]} f4 {[%clk
0:13:14]} 45. Kd4 {[%clk 0:01:16]} Kf5 {[%clk 0:13:25]} 0-1

[Event "DEM U18 2022"]
[Site "Willingen GER"]
[Date "2022.06.06"]
[Round "3"]
[White "Bornholdt, Joa Max"]
[Black "Musiolik, David"]
[Result "0-1"]
[Termination "normal"]
[Board "7"]
[WhiteElo "2132"]
[BlackElo "2217"]
[WhiteClock "00:37:58"]
[BlackClock "00:22:51"]
[PlyCount "92"]
[WhiteFideId "16253477"]
[BlackFideId "12972355"]
[EventCountry "GER"]
[EventRounds "9"]
[EventType "swiss"]
[EventDate "2022.06.04"]

1. d4 {[%clk 1:30:38]} d5 {[%clk 1:30:18]} 2. c4 {[%clk 1:30:33]} e6 {[%clk
1:30:13]} 3. Nc3 {[%clk 1:30:22]} a6 {[%clk 1:29:22]} 4. cxd5 {[%clk 1:29:17]}
exd5 {[%clk 1:29:47]} 5. Nf3 {[%clk 1:29:20]} c6 {[%clk 1:29:56]} 6. Qc2 {[%clk
1:28:27]} Bd6 {[%clk 1:22:27]} 7. e4 {[%clk 1:26:10]} dxe4 {[%clk 1:20:16]} 8.
Nxe4 {[%clk 1:24:17]} Bb4+ {[%clk 1:18:39]} 9. Nc3 {[%clk 1:23:52]} Nf6 {[%clk
1:15:51]} 10. Bg5 {[%clk 1:10:48]} O-O {[%clk 1:14:19]} 11. O-O-O {[%clk
1:08:59]} Be6 {[%clk 1:10:52]} 12. Bd3 {[%clk 1:08:01]} h6 {[%clk 1:04:51]} 13.
h4 {[%clk 1:07:19]} Nbd7 {[%clk 0:49:19]} 14. Bf5 {[%clk 0:48:21]} Bxf5 {[%clk
0:41:44]} 15. Qxf5 {[%clk 0:47:07]} Qa5 {[%clk 0:39:22]} 16. Qc2 {[%clk
0:35:13]} Rfe8 {[%clk 0:25:53]} 17. Bxf6 {[%clk 0:32:08]} Nxf6 {[%clk 0:26:04]}
18. Ne5 {[%clk 0:32:16]} c5 {[%clk 0:21:29]} 19. Nc4 {[%clk 0:29:21]} Qc7
{[%clk 0:21:16]} 20. d5 {[%clk 0:26:24]} Qf4+ {[%clk 0:19:46]} 21. Ne3 {[%clk
0:26:48]} Bxc3 {[%clk 0:18:33]} 22. bxc3 {[%clk 0:23:20]} Ne4 {[%clk 0:18:04]}
23. Rh3 {[%clk 0:22:34]} Qxf2 {[%clk 0:16:44]} 24. Rf3 {[%clk 0:20:17]} Qxc2+
{[%clk 0:13:40]} 25. Kxc2 {[%clk 0:20:45]} Nd6 {[%clk 0:13:09]} 26. Nf5 {[%clk
0:19:07]} Rad8 {[%clk 0:13:05]} 27. Nxd6 {[%clk 0:14:32]} Rxd6 {[%clk 0:13:30]}
28. Rfd3 {[%clk 0:14:51]} Re4 {[%clk 0:09:57]} 29. g3 {[%clk 0:15:15]} b5
{[%clk 0:08:54]} 30. Kd2 {[%clk 0:13:08]} c4 {[%clk 0:06:46]} 31. Rd4 {[%clk
0:13:34]} Rxd4+ {[%clk 0:07:12]} 32. cxd4 {[%clk 0:14:00]} b4 {[%clk 0:05:25]}
33. Ke3 {[%clk 0:14:17]} Rxd5 {[%clk 0:04:33]} 34. Ke4 {[%clk 0:14:33]} Rd7
{[%clk 0:04:44]} 35. d5 {[%clk 0:14:47]} c3 {[%clk 0:04:24]} 36. Kd4 {[%clk
0:14:30]} Kf8 {[%clk 0:03:46]} 37. Kc5 {[%clk 0:14:55]} a5 {[%clk 0:03:57]} 38.
Kc6 {[%clk 0:14:02]} Ke8 {[%clk 0:03:12]} 39. d6 {[%clk 0:14:02]} a4 {[%clk
0:02:03]} 40. Re1+ {[%clk 0:11:11]} Kd8 {[%clk 0:02:17]} 41. Kc5 {[%clk
0:10:14]} Rb7 {[%clk 0:28:56]} 42. Kc6 {[%clk 0:40:17]} b3 {[%clk 0:27:04]} 43.
axb3 {[%clk 0:40:42]} axb3 {[%clk 0:26:05]} 44. Ra1 {[%clk 0:39:33]} Rb8 45. d7
{[%clk 0:37:41]} b2 {[%clk 0:22:37]} 46. Re1 {[%clk 0:37:58]} Rb6+ {[%clk
0:22:51]} 0-1

[Event "DEM U18 2022"]
[Site "Willingen GER"]
[Date "2022.06.06"]
[Round "3"]
[White "Hassemeier, Mika"]
[Black "Geltz, Noah"]
[Result "1/2-1/2"]
[Termination "normal"]
[Board "8"]
[WhiteElo "2177"]
[BlackElo "2156"]
[WhiteClock "00:26:33"]
[BlackClock "00:35:27"]
[PlyCount "45"]
[WhiteFideId "12994880"]
[BlackFideId "16224256"]
[EventCountry "GER"]
[EventRounds "9"]
[EventType "swiss"]
[EventDate "2022.06.04"]

1. d4 {[%clk 1:30:59]} d5 {[%clk 1:30:53]} 2. c4 {[%clk 1:31:13]} e6 {[%clk
1:30:56]} 3. Nc3 {[%clk 1:31:31]} a6 {[%clk 1:31:16]} 4. cxd5 {[%clk 1:31:28]}
exd5 {[%clk 1:31:35]} 5. Bf4 {[%clk 1:30:47]} c6 {[%clk 1:31:40]} 6. e3 {[%clk
1:30:04]} Bd6 {[%clk 1:31:00]} 7. Bxd6 {[%clk 1:27:50]} Qxd6 {[%clk 1:31:24]}
8. Bd3 {[%clk 1:27:14]} Ne7 {[%clk 1:28:11]} 9. Qc2 {[%clk 1:25:07]} g6 {[%clk
1:23:13]} 10. Nge2 {[%clk 1:22:13]} Bf5 {[%clk 1:20:32]} 11. f3 {[%clk
1:18:34]} Bxd3 {[%clk 1:17:57]} 12. Qxd3 {[%clk 1:18:54]} Nd7 {[%clk 1:09:38]}
13. e4 {[%clk 1:07:34]} dxe4 {[%clk 1:08:52]} 14. fxe4 {[%clk 1:05:32]} O-O
{[%clk 0:56:27]} 15. Rd1 {[%clk 0:45:08]} Rad8 {[%clk 0:54:13]} 16. O-O {[%clk
0:37:58]} c5 {[%clk 0:52:28]} 17. Qg3 {[%clk 0:32:17]} Qxg3 {[%clk 0:50:27]}
18. Nxg3 {[%clk 0:32:13]} cxd4 {[%clk 0:49:58]} 19. Rxd4 {[%clk 0:31:53]} Nc6
{[%clk 0:43:45]} 20. Rd6 {[%clk 0:29:33]} Nc5 {[%clk 0:41:21]} 21. Rfd1 {[%clk
0:28:25]} Rxd6 {[%clk 0:40:53]} 22. Rxd6 {[%clk 0:28:47]} Rd8 {[%clk 0:35:27]}
23. Rxd8+ {[%clk 0:26:33]} 1/2-1/2

[Event "DEM U18 2022"]
[Site "Willingen GER"]
[Date "2022.06.06"]
[Round "3"]
[White "Zackrisson, Peter"]
[Black "Boder, Jan"]
[Result "1/2-1/2"]
[Termination "normal"]
[Board "9"]
[BlackTitle "FM"]
[WhiteElo "2020"]
[BlackElo "2334"]
[WhiteClock "00:01:20"]
[BlackClock "00:00:47"]
[PlyCount "83"]
[WhiteFideId "16282078"]
[BlackFideId "16243226"]
[EventCountry "GER"]
[EventRounds "9"]
[EventType "swiss"]
[EventDate "2022.06.04"]

1. e4 {[%clk 1:30:58]} e5 {[%clk 1:29:51]} 2. Nf3 {[%clk 1:31:04]} Nc6 {[%clk
1:30:16]} 3. Bb5 {[%clk 1:30:04]} a6 {[%clk 1:30:29]} 4. Ba4 {[%clk 1:30:27]}
Nf6 {[%clk 1:30:53]} 5. O-O {[%clk 1:30:48]} Nxe4 {[%clk 1:31:13]} 6. d4 {[%clk
1:28:46]} b5 {[%clk 1:31:22]} 7. Bb3 {[%clk 1:29:09]} d5 {[%clk 1:31:50]} 8.
dxe5 {[%clk 1:29:28]} Be6 {[%clk 1:32:12]} 9. c3 {[%clk 1:29:46]} Be7 {[%clk
1:25:55]} 10. Nbd2 {[%clk 1:29:34]} Nc5 {[%clk 1:25:00]} 11. Bc2 {[%clk
1:29:48]} d4 {[%clk 1:23:29]} 12. Ne4 {[%clk 1:00:53]} d3 {[%clk 0:55:22]} 13.
Nxc5 {[%clk 0:59:39]} dxc2 {[%clk 0:55:08]} 14. Qxd8+ {[%clk 0:59:58]} Rxd8
{[%clk 0:54:06]} 15. Nxe6 {[%clk 1:00:14]} fxe6 {[%clk 0:54:28]} 16. Be3 {[%clk
0:56:27]} Rd5 {[%clk 0:49:48]} 17. Rac1 {[%clk 0:50:11]} Nxe5 {[%clk 0:48:16]}
18. Nxe5 {[%clk 0:49:04]} Rxe5 {[%clk 0:48:42]} 19. Rxc2 {[%clk 0:49:20]} Kf7
{[%clk 0:45:46]} 20. c4 {[%clk 0:46:01]} Bd6 {[%clk 0:42:40]} 21. Rd1 {[%clk
0:40:47]} bxc4 {[%clk 0:38:52]} 22. Rxc4 {[%clk 0:40:47]} Ra5 {[%clk 0:36:15]}
23. a3 {[%clk 0:38:47]} Rb8 {[%clk 0:36:11]} 24. Bd4 {[%clk 0:36:58]} Rd5
{[%clk 0:34:46]} 25. Re1 {[%clk 0:36:21]} g5 {[%clk 0:25:58]} 26. Bc3 {[%clk
0:29:31]} h5 {[%clk 0:25:56]} 27. g3 {[%clk 0:22:10]} e5 {[%clk 0:20:56]} 28.
Rce4 {[%clk 0:21:02]} Rbb5 {[%clk 0:21:04]} 29. Kg2 {[%clk 0:18:39]} Rbc5
{[%clk 0:19:13]} 30. R1e2 {[%clk 0:18:01]} Rb5 {[%clk 0:18:09]} 31. Re1 {[%clk
0:17:37]} Kg6 {[%clk 0:18:02]} 32. h3 {[%clk 0:10:49]} Rbc5 {[%clk 0:12:12]}
33. Kf3 {[%clk 0:08:54]} Rd3+ {[%clk 0:11:52]} 34. Kg2 {[%clk 0:08:40]} Kf5
{[%clk 0:09:35]} 35. Ra4 {[%clk 0:08:11]} a5 {[%clk 0:04:54]} 36. Bxa5 {[%clk
0:06:58]} Rd4 {[%clk 0:03:37]} 37. Bb4 {[%clk 0:02:58]} Rb5 {[%clk 0:01:35]}
38. Ra7 {[%clk 0:00:40]} Bxb4 {[%clk 0:01:26]} 39. axb4 {[%clk 0:01:01]} Rc4
{[%clk 0:00:55]} 40. b3 {[%clk 0:00:54]} Rcxb4 {[%clk 0:00:36]} 41. Rxc7 {[%clk
0:01:11]} Rxb3 {[%clk 0:00:47]} 42. Rf7+ {[%clk 0:01:20]} 1/2-1/2

[Event "DEM U18 2022"]
[Site "Willingen GER"]
[Date "2022.06.06"]
[Round "3"]
[White "Rohde, Niclas"]
[Black "Jeschke, Jan"]
[Result "0-1"]
[Termination "normal"]
[Board "10"]
[WhiteElo "1730"]
[BlackElo "2125"]
[WhiteClock "00:01:42"]
[BlackClock "00:15:14"]
[PlyCount "132"]
[WhiteFideId "16230205"]
[BlackFideId "16225430"]
[EventCountry "GER"]
[EventRounds "9"]
[EventType "swiss"]
[EventDate "2022.06.04"]

1. e4 {[%clk 1:30:54]} c5 {[%clk 1:30:46]} 2. Nc3 {[%clk 1:30:26]} Nc6 {[%clk
1:30:41]} 3. f4 {[%clk 1:30:20]} g6 {[%clk 1:30:39]} 4. Nf3 {[%clk 1:30:26]}
Bg7 {[%clk 1:31:00]} 5. d3 {[%clk 1:25:55]} e6 {[%clk 1:29:04]} 6. g3 {[%clk
1:26:02]} Nge7 {[%clk 1:29:14]} 7. Bg2 {[%clk 1:26:08]} O-O {[%clk 1:28:59]} 8.
O-O {[%clk 1:25:57]} d5 {[%clk 1:21:11]} 9. h3 {[%clk 1:17:08]} Bd7 {[%clk
1:05:16]} 10. Kh2 {[%clk 1:12:02]} Rc8 {[%clk 1:04:26]} 11. g4 {[%clk 1:02:41]}
Nd4 {[%clk 0:49:32]} 12. Ne5 {[%clk 0:44:27]} Be8 {[%clk 0:40:03]} 13. g5
{[%clk 0:32:41]} f6 {[%clk 0:38:41]} 14. Ng4 {[%clk 0:32:02]} f5 {[%clk
0:37:49]} 15. Ne3 {[%clk 0:26:24]} Bc6 {[%clk 0:32:57]} 16. e5 {[%clk 0:24:09]}
b5 {[%clk 0:30:48]} 17. Nb1 {[%clk 0:13:50]} Be8 {[%clk 0:15:14]} 18. c3 {[%clk
0:06:51]} Ndc6 {[%clk 0:15:39]} 19. Nc2 {[%clk 0:06:27]} a5 {[%clk 0:11:52]}
20. d4 {[%clk 0:04:55]} c4 {[%clk 0:11:30]} 21. a3 {[%clk 0:04:04]} Qb6 {[%clk
0:11:00]} 22. Bd2 {[%clk 0:02:15]} Kf7 {[%clk 0:08:24]} 23. Kg3 {[%clk
0:01:46]} Rh8 {[%clk 0:08:08]} 24. Rh1 {[%clk 0:01:44]} Rb8 {[%clk 0:08:09]}
25. Be1 {[%clk 0:01:35]} Bd7 {[%clk 0:07:37]} 26. Nd2 {[%clk 0:01:02]} b4
{[%clk 0:05:54]} 27. axb4 {[%clk 0:01:20]} axb4 {[%clk 0:06:18]} 28. Nf3 {[%clk
0:01:39]} bxc3 {[%clk 0:05:50]} 29. Bxc3 {[%clk 0:02:01]} Ra8 {[%clk 0:04:31]}
30. Qd2 {[%clk 0:02:13]} Rhb8 {[%clk 0:04:48]} 31. Ra3 {[%clk 0:01:43]} Rxa3
{[%clk 0:04:41]} 32. Nxa3 {[%clk 0:02:08]} Bf8 {[%clk 0:04:57]} 33. Ra1 {[%clk
0:01:56]} Nc8 {[%clk 0:05:11]} 34. Nc2 {[%clk 0:01:54]} Qb3 {[%clk 0:04:57]}
35. Nfe1 {[%clk 0:01:42]} Nb6 {[%clk 0:04:30]} 36. Rc1 {[%clk 0:00:34]} Na4
{[%clk 0:04:23]} 37. Ne3 {[%clk 0:00:52]} Nb4 {[%clk 0:03:24]} 38. Bf3 {[%clk
0:00:54]} Na2 {[%clk 0:02:16]} 39. Bd1 {[%clk 0:00:48]} Qb7 {[%clk 0:01:12]}
40. Ra1 {[%clk 0:00:49]} N2xc3 {[%clk 0:00:35]} 41. bxc3 {[%clk 0:00:58]} Nxc3
{[%clk 0:26:30]} 42. Qxc3 {[%clk 0:20:50]} Bb4 {[%clk 0:26:45]} 43. Qc1 {[%clk
0:20:26]} Bxe1+ {[%clk 0:27:09]} 44. Kg2 {[%clk 0:19:42]} Qb2+ {[%clk 0:24:28]}
45. Qxb2 {[%clk 0:20:01]} Rxb2+ {[%clk 0:24:54]} 46. Kf1 {[%clk 0:20:21]} Bd2
{[%clk 0:23:11]} 47. Ra7 {[%clk 0:16:41]} Ke8 {[%clk 0:22:45]} 48. Ra8+ {[%clk
0:15:05]} Ke7 {[%clk 0:23:08]} 49. Ra7 {[%clk 0:14:27]} Kd8 {[%clk 0:23:29]}
50. Ra8+ {[%clk 0:10:58]} Kc7 {[%clk 0:23:37]} 51. Ke2 {[%clk 0:09:43]} c3
{[%clk 0:22:18]} 52. Ba4 {[%clk 0:06:13]} Bc8 {[%clk 0:20:33]} 53. Ra5 {[%clk
0:05:47]} Kb6 {[%clk 0:18:56]} 54. Rc5 {[%clk 0:05:21]} Ba6+ {[%clk 0:19:19]}
55. Kf3 {[%clk 0:05:46]} Rb4 {[%clk 0:17:01]} 56. Nxd5+ {[%clk 0:00:32]} exd5
{[%clk 0:17:20]} 57. e6 {[%clk 0:00:51]} Rxa4 {[%clk 0:14:35]} 58. e7 {[%clk
0:01:07]} Be2+ {[%clk 0:14:59]} 59. Kxe2 {[%clk 0:01:02]} Ra8 {[%clk 0:14:42]}
60. Rxd5 {[%clk 0:00:48]} Re8 {[%clk 0:14:59]} 61. Re5 {[%clk 0:01:00]} Kc6
{[%clk 0:15:00]} 62. Kd3 {[%clk 0:00:41]} Kd6 {[%clk 0:15:02]} 63. Ra5 {[%clk
0:01:00]} Rxe7 {[%clk 0:15:01]} 64. Ra6+ {[%clk 0:01:08]} Kd7 {[%clk 0:15:00]}
65. d5 {[%clk 0:01:21]} Re3+ {[%clk 0:14:55]} 66. Kc2 {[%clk 0:01:42]} Rxh3
{[%clk 0:15:14]} 0-1